Statistics for BAPS Swaminarayan Arti Lyrics Quiz

Click here to take the quiz!

General Stats

  • This quiz has been taken 3 times
  • The average score is 7 of 13

Answer Stats

HintAnswer% Correct
Dharma ekāntik sthāpak, bhakti _________paritrata
100%
Jay Swaminarayan, Jay Akshar-___________Purushottam
100%
Akshar-Purushottam jay, darshan _________sarvottam
100%
Aksharbrahma anādi, ____________Gunatitanand
67%
Dhanya dhanya mam jivan, tav _______ sufalamsharane
67%
Mukta anant _______, sundar sākāramsupujit
67%
Sarvopari karunākar, mānav __________tanudharam
67%
_______ divyatā saha, brahmarupe pritiDasbhav
33%
Purushottam __________ , Shri Hari SahajānandParabrahma
33%
Prakat sadā __________, param muktidātāsarvakarta
33%
Suhradbhāv alaukik, _______ shubh ritisthāpit
33%
Jay Akshar-Purushottam, Jay ____________Swaminarayan
33%
Yagnapurush __________ , siddhāntam sukhadampravartita
0%

Score Distribution

Percentile by Number Answered

Percent of People with Each Score

Your Score History

You have not taken this quiz